[Event "Sheki op-A"]
[Site "Sheki"]
[Date "2025.06.25"]
[Round "9"]
[White "Valiyeva, Asnad"]
[Black "Mammadzada, Mammad"]
[Result "0-1"]
[WhiteElo "1791"]
[BlackElo "1899"]
[PlyCount "58"]
[EventDate "2025.06.19"]
[EventType "swiss"]
[EventRounds "9"]
[EventCountry "AZE"]
[SourceTitle "CB27_2025"]
[SourceDate "2025.07.02"]
[SourceVersion "1"]
[SourceVersionDate "2025.07.02"]
[SourceQuality "1"]

1. e4 e6 2. d4 d5 3. e5 c5 4. c3 Qb6 5. Nf3 Nc6 6. Bd3 cxd4 7. cxd4 Bd7 8. 0-0 Nxd4 9. Nbd2 Bb5 10. Bxb5+ Nxb5 11. Nb3 Nh6 12. Be3 Qd8 13. Qd3 Nc7 14. Nbd4 Be7 15. Qb3 Rb8 16. Bxh6 gxh6 17. Qa4+ Qd7 18. Qxa7 0-0 19. Qb6 Na6 20. Qb3 Nc5 21. Qe3 Kh8 22. Qxh6 Ne4 23. Qe3 f6 24. Qd3 fxe5 25. Nxe5 Qd6 26. f4 Bf6 27. Ndf3 Bxe5 28. fxe5 Qc5+ 29. Qd4 Rxf3 0-1

[Event "Sheki op-A"]
[Site "Sheki"]
[Date "2025.06.20"]
[Round "3"]
[White "Alizada, Pasham"]
[Black "Mammadzada, Mammad"]
[Result "1/2-1/2"]
[WhiteElo "2227"]
[BlackElo "1899"]
[PlyCount "118"]
[EventDate "2025.06.19"]
[EventType "swiss"]
[EventRounds "9"]
[EventCountry "AZE"]
[SourceTitle "CB27_2025"]
[SourceDate "2025.07.02"]
[SourceVersion "1"]
[SourceVersionDate "2025.07.02"]
[SourceQuality "1"]

1. e4 e6 2. Nf3 d5 3. Nc3 dxe4 4. Nxe4 Nd7 5. d4 Ngf6 6. Nxf6+ Nxf6 7. g3 Be7 8. Bg2 0-0 9. 0-0 c5 10. dxc5 Bxc5 11. Qe2 Qe7 12. c4 b6 13. Bf4 Bb7 14. Ne5 Bxg2 15. Kxg2 Qb7+ 16. Qf3 Qxf3+ 17. Kxf3 Bd4 18. Rab1 Rac8 19. b3 g5 20. Rbd1 Rfd8 21. Rxd4 Rxd4 22. Bxg5 Nd7 23. Ng4 h5 24. Ne3 f6 25. Bf4 Ne5+ 26. Ke2 Ng6 27. Bh6 Rcd8 28. Nc2 R4d6 29. Be3 e5 30. Nb4 Ne7 31. c5 bxc5 32. Bxc5 Rd2+ 33. Kf3 Nd5 34. Nxd5 R8xd5 35. Bxa7 Rxa2 36. Be3 Rb2 37. Ke4 Rb5 38. Kf5 Kf7 39. Rc1 e4+ 40. Kxe4 R2xb3 41. Rc7+ Kg6 42. Rc8 R3b4+ 43. Kf3 Rb3 44. h3 Rf5+ 45. Kg2 Rb4 46. Rc6 Ra4 47. Rd6 Rc4 48. Kf1 Ra4 49. Bd4 Kf7 50. Be3 Ra3 51. Kg2 Ra4 52. Rd1 Kg6 53. Rg1 Rb5 54. Rd1 Rf5 55. Rd3 Rc4 56. Rb3 Ra4 57. Rb8 Rc4 58. Rb3 Ra4 59. f4 Rfa5 1/2-1/2